00684nam a2200205Ia 4500003000400000005001700004008004100021020001500062040001800077041000800095082002100103100002800124245005200152250001200204260004100216300002400257942003400281999001900315952014400334OSt20250117143236.0210716s1995 xx 000 0 und d a0373165889 cAIMIT LIBRARY aeng a808.83 21bPADV aPade, Victoria.9193935 aCase of the borrowed bride /cBy Victoria Pade. a1st ed. aNew York :bHarlequin Books ;c1995. a251p. ;bPBc17 cm. 2ddccBKe1st ed.k808.83 PADV c200333d200333 00102ddc40708MBAaAIMITbAIMITd2021-07-16iBill no:; Bill dt:1900-01-00l0o808.83 PADVpMBA02898r2026-05-23 00:00:00w2021-07-16yBK